[Event "45th Olympiad 2024"]
[Site "Budapest HUN"]
[Date "2024.09.14"]
[Round "4.69"]
[Board "1"]
[White "Al-Hajiri, Bader"]
[Black "Oatlhotse, Providence"]
[Result "1-0"]
[WhiteElo "1947"]
[BlackElo "2239"]
[PlyCount "127"]
[EventDate "2024.09.11"]
[WhiteTeam "Kuwait"]
[BlackTeam "Botswana"]
[WhiteTeamCountry "KUW"]
[BlackTeamCountry "BOT"]

1. e4 c6 2. d4 d5 3. Nc3 dxe4 4. Nxe4 Nf6 5. Nxf6+ exf6 6. c3 Bd6 7. Bd3 O-O 8. Qc2 Re8+ 9. Ne2 h5 10. O-O h4 11. h3 Nd7 12. Bd2 Nf8 13. Rae1 Be6 ({RR} 13... g6 14. Nf4 Be6 15. Re2 Bc7 16. Nxe6 Rxe6 17. Rxe6 Nxe6 18. Re1 f5 19. Bc4 Nf4 20. Qb3 Qd7 21. Qd1 Re8 22. Rxe8+ Qxe8 23. Qf3 Qe4 24. Qxe4 fxe4 25. Kf1 Kf8 26. Bxf4 Bxf4 27. Ke2 b5 28. Bb3 {½-½ Pichot,A (2641)-Iturrizaga Bonelli,E (2630) ESP-chT CECLUB Honor 2022 (2.2)}) 14. Kh1 $146 ({RR} 14. c4 Bc7 15. b3 a5 16. a4 Rc8 17. Qc3 Qd6 18. Bf4 Qd7 19. Bxc7 Qxc7 20. Qd2 Re7 21. Qf4 Qb6 22. Bc2 Ng6 23. Qd6 Rd8 24. Qa3 Qb4 25. Qxb4 axb4 26. f4 Rde8 27. Nc1 Bd7 28. Rxe7 Rxe7 {1-0 Pakhomova,E (2030)-Aditya,V (2299) Titled Tue 8th Aug Late 2023 (3)}) ({RR} 14. f4 b5 15. b3 Rc8 16. c4 Bb8 17. Bc3 Qd6 18. Kh1 g6 19. Ng1 f5 20. Qf2 g5 21. Qc2 Ng6 22. d5 Bd7 23. Rxe8+ Rxe8 24. Bxf5 Nxf4 25. Nf3 Re2 26. Qb1 Rxg2 27. Be5 Qf8 28. Bxb8 Qxb8 {0-1 Turcsanyi,V (2300)-Gruca,M (2198) Titled Tue 7th May Late 2024 (2)}) ({RR} 14. f4 Rc8 15. c4 Bb8 16. f5 Bd7 17. c5 Nh7 18. b4 Re7 19. Rd1 Be8 20. Bc4 b5 21. Bd3 Bc7 22. Be1 a5 23. a3 axb4 24. axb4 Qd5 25. Bf2 Bg3 26. Nc3 Bxf2+ 27. Qxf2 Qb3 28. Ne4 Ra8 {1-0 Sutormin,D (2353)-Seleznev,M (1992) Chigorin Memorial 2022 (2.26)}) ({RR} 14. c4 Rc8 15. f4 b5 16. b3 bxc4 17. bxc4 Bd7 18. f5 Nh7 19. c5 Bb8 20. Bf4 Ng5 21. Qc4 Bxf4 22. Nxf4 Qa5 23. Rxe8+ Rxe8 24. d5 Re5 25. Rb1 cxd5 26. Qc1 Bc6 27. Rb8+ Kh7 28. Kh2 Qc7 {0-1 Simonian,H (2431)-Svane,R (2616) Titled Tue 6th Jun Late 2023 (9)}) 14... Qd7 15. Ng1 c5 16. Be3 c4 17. Be2 Bc7 18. Bd2 b5 19. f4 Bf5 20. Qc1 Ng6 21. Bh5 Ne7 22. Bf3 Rad8 23. Be4 Bxe4 24. Rxe4 Nf5 25. Rxe8+ Rxe8 26. Re1 Ng3+ 27. Kh2 Ne4 28. Be3 g5 29. Ne2 Nf2 30. Bxf2 Rxe2 31. Rxe2 Bxf4+ 32. Qxf4 gxf4 33. Bxh4 Qd6 34. Kg1 b4 35. Be1 Kh7 36. Rf2 Qe7 37. Bd2 Qe4 38. Bxf4 Qb1+ 39. Kh2 Qxa2 40. Rd2 bxc3 41. bxc3 Qa5 42. d5 Qxc3 43. d6 Qa5 44. d7 Qd8 45. Kg1 c3 46. Rd5 c2 47. Kf1 a5 48. Bc1 a4 49. Ba3 Kg6 50. Ke2 f5 51. h4 Kf6 52. Kd2 Ke6 53. Rd6+ Ke5 54. Kxc2 Ke4 55. h5 Qb8 56. d8=Q Qb3+ 57. Kd2 Qe3+ 58. Kd1 Qb3+ 59. Ke2 Qe3+ 60. Kf1 Qf4+ 61. Kg1 Qe3+ 62. Kh1 Qxa3 63. Qe7+ Kf4 64. Rd4+ 1-0

[Event "45th Olympiad 2024"]
[Site "Budapest HUN"]
[Date "2024.09.14"]
[Round "4.69"]
[Board "3"]
[White "Alsaqer, Meshal"]
[Black "Monnaatsheko, Keletshabile"]
[Result "0-1"]
[WhiteElo "1815"]
[BlackElo "2064"]
[PlyCount "87"]
[EventDate "2024.09.11"]
[WhiteTeam "Kuwait"]
[BlackTeam "Botswana"]
[WhiteTeamCountry "KUW"]
[BlackTeamCountry "BOT"]

1. d4 d5 2. Nf3 Nf6 3. c4 c6 4. Qc2 e6 5. Nbd2 Nbd7 6. g3 Be7 7. Bg2 b6 8. O-O Bb7 9. e4 dxe4 10. Nxe4 O-O 11. Rd1 Qc8 12. Ne5 ({RR} 12. Nc3 b5 13. c5 b4 14. Ne4 Nxe4 15. Qxe4 Nf6 16. Qe1 Nd5 17. a3 bxa3 18. Rxa3 Ba6 19. g4 Bb5 20. g5 Bd8 21. Ne5 Bc7 22. Rh3 Qd8 23. Qe4 g6 24. Re1 Rc8 25. Qh4 h5 26. Nxg6 fxg6 {0-1 Jianu,V (2538)-Stamenkovic,A (2271) Belgrade Trophy 23rd 2010 (6)}) 12... c5 ({RR} 12... Nxe5 13. dxe5 Nxe4 14. Qxe4 Rb8 15. Be3 c5 16. Qg4 Bxg2 17. Kxg2 Rd8 18. Rxd8+ Qxd8 19. Rd1 Qc7 20. Qe4 Rd8 21. Rxd8+ Qxd8 22. Qc6 h6 23. Qb7 a5 24. b3 Kh7 25. h4 Kg8 26. h5 Kh7 27. Qe4+ {1-0 Carbone,D (2350)-Rian,K (2089) Titled Tue 17th Jan Late 2023 (6)}) 13. Nxd7 Nxd7 14. b3 $146 ({RR} 14. d5 exd5 15. cxd5 Nf6 16. d6 Rd8 17. Bg5 Bf8 18. Bxf6 gxf6 19. Nxf6+ Kg7 20. d7 Qb8 21. Ne8+ Kg8 22. Be4 h6 23. Nf6+ Kg7 24. Qc3 Kh8 25. Nh5+ Kg8 26. Qf3 Bxe4 27. Qxe4 b5 28. Qg4+ Kh8 {1-0 Vasovski,N (2417)-Hristovski,S (2147) FRM CupT 15th 2007 (2)}) ({RR} 14. d5 exd5 15. cxd5 f5 16. Ng5 Bd6 17. Ne6 Rf7 18. Ng5 Rf8 19. b3 Qe8 20. Ne6 Rf7 21. Bb2 Nf6 22. Ng5 Bc8 23. Nxf7 Qxf7 24. Re1 Bd7 25. Re6 Bf8 26. Rd1 Re8 27. Rxe8 Nxe8 28. Be5 Nd6 {1-0 Maslak,A (2253)-Adamek,J (2229) Karvina op 2003 (7)}) ({RR} 14. d5 Bf6 15. dxe6 {1-0 Takacs,K (1788)-Breen,A (1659) Budapest FS12 FM-B 2011 (10)}) 14... cxd4 15. Rxd4 f5 16. Nd6 Bxd6 17. Bxb7 Qxb7 18. Rxd6 Ne5 19. f4 Nf3+ 20. Kf1 Rad8 21. Rxd8 Rxd8 22. Be3 Nd2+ 23. Kg1 Nf3+ 24. Kf1 Nd4 25. Bxd4 Rxd4 26. Qg2 Qxg2+ 27. Kxg2 Rd2+ 28. Kf3 Rxh2 29. a3 Rb2 30. b4 Rc2 31. Rd1 Rc3+ 32. Kf2 Rxa3 33. Rd7 Ra4 34. Ke3 Rxb4 35. Kd4 b5 36. Ke5 bxc4 37. Kxe6 Rb6+ 38. Ke7 h6 39. Rxa7 Rb3 40. Ke6 Rxg3 41. Rc7 c3 42. Kxf5 h5 43. Ke4 h4 44. Kd4 0-1

[Event "45th Olympiad 2024"]
[Site "Budapest HUN"]
[Date "2024.09.14"]
[Round "4.69"]
[Board "4"]
[White "Oratile, Kgotlane"]
[Black "Alabdaljader, Mohammed"]
[Result "1-0"]
[WhiteElo "1975"]
[BlackElo "1677"]
[PlyCount "79"]
[EventDate "2024.09.11"]
[WhiteTeam "Botswana"]
[BlackTeam "Kuwait"]
[WhiteTeamCountry "BOT"]
[BlackTeamCountry "KUW"]

1. e4 e5 2. Nf3 Nc6 3. d3 Nf6 4. g3 d6 5. Bg2 Be7 6. O-O ({RR} 6. h3 O-O 7. c4 h6 8. Nc3 Nh7 9. O-O Be6 10. Nd5 Qd7 11. Kh2 f5 12. exf5 Bxf5 13. Nxe7+ Nxe7 14. b3 Nf6 15. Bb2 Bh7 16. Ng1 c6 17. Qd2 Qf5 18. Rad1 Qh5 19. Qe2 Qg6 20. Nf3 Qh5 {0-1 Odeev,H (2397)-Ringoir,T (2448) Olympiad-40 Istanbul 2012 (5.4)}) 6... Bg4 7. h3 Bh5 8. c3 ({RR} 8. g4 Nxg4 9. hxg4 Bxg4 10. c3 h5 11. Qb3 b6 12. Nh2 Qd7 13. f4 Be2 14. Rf2 Bxd3 15. Qd5 Bxb1 16. Rxb1 O-O 17. Rf3 Bf6 18. Rh3 Ne7 19. Qd1 g6 20. f5 d5 21. Bh6 Rfd8 22. Qb3 c6 {1-0 Ask,J (2169)-Neretljak,N (2051) Elite Hotels Vaxjo Open 2023 (6.16)}) 8... Qd7 $146 ({RR} 8... O-O 9. g4 Bg6 10. Nh4 Kh8 11. f4 exf4 12. Bxf4 Nd7 13. Nf5 Bxf5 14. gxf5 Bg5 15. Bg3 Nce5 16. Na3 f6 17. d4 Nf7 18. h4 Bh6 19. Qh5 c5 20. Nc2 Qb6 21. b3 cxd4 22. Nxd4 Be3+ 23. Bf2 {0-1 Harshini,A (1318)-Anushka Bapu Kutwal (1509) 48th ch-IND w 2022 (5.38)}) ({RR} 8... O-O 9. Nbd2 d5 10. Re1 dxe4 11. dxe4 b5 12. a4 a6 13. Qb3 Rb8 14. axb5 axb5 15. Nf1 Qc8 16. Nh4 Re8 17. Nf5 Bf8 18. Bg5 Nd7 19. g4 Bg6 20. N1g3 Nc5 21. Qd5 Qe6 22. b4 Na4 23. Rec1 {1-0 Bezkorovaina,M (2081)-Nguyen,T (1945) Wch U18 Girls 2013 (7)}) 9. Kh2 h6 10. Re1 O-O-O 11. Qa4 Kb8 12. b4 Bxf3 13. Bxf3 Nd4 14. Qd1 Nxf3+ 15. Qxf3 g5 16. Kg2 g4 17. hxg4 Nxg4 18. Qf5 Qxf5 19. exf5 h5 20. Rh1 h4 21. f3 h3+ 22. Rxh3 Rxh3 23. Kxh3 Nf2+ 24. Kg2 Nxd3 25. Bd2 d5 26. Na3 Nb2 27. Rh1 a5 28. Rh7 axb4 29. cxb4 Rg8 30. Rxf7 Bd6 31. Nb5 Nc4 32. Bh6 d4 33. f6 d3 34. Kf2 d2 35. Ke2 Rxg3 36. Rg7 e4 37. fxe4 d1=Q+ 38. Kxd1 Rd3+ 39. Ke2 Rd2+ 40. Bxd2 1-0

[Event "45th Olympiad 2024"]
[Site "Budapest HUN"]
[Date "2024.09.14"]
[Round "4.70"]
[Board "1"]
[White "Mafaaz Khalid"]
[Black "Tran, Tuan An"]
[Result "1/2-1/2"]
[WhiteElo "2069"]
[BlackElo "1916"]
[PlyCount "91"]
[EventDate "2024.09.11"]
[WhiteTeam "Pakistan"]
[BlackTeam "Guam"]
[WhiteTeamCountry "PAK"]
[BlackTeamCountry "GMA"]

1. d4 Nf6 2. c4 e6 3. Nc3 d5 4. Nf3 c5 5. cxd5 cxd4 6. Qxd4 exd5 7. e4 dxe4 8. Qxd8+ Kxd8 9. Ng5 Be6 10. Nxe6+ fxe6 11. Bc4 Nc6 ({RR} 11... Ke7 12. O-O Nbd7 13. Be3 Rc8 14. Bb3 Nc5 15. Bxc5+ Rxc5 16. Rfe1 g6 17. Nxe4 Nxe4 18. Rxe4 e5 19. f4 Bg7 20. Rae1 Rf8 21. fxe5 Rf5 22. e6 Bxb2 23. Rd1 Rc7 24. g4 Rf8 25. Kg2 b5 26. Re2 {1-0 Carlsen,M (2862)-So,W (2770) Skilling op KO rapid 2020 (3.11)}) 12. Bg5 Ke7 13. Nxe4 h6 $146 ({RR} 13... Kf7 14. Bxf6 gxf6 15. O-O-O Rd8 16. Rxd8 Nxd8 17. Rd1 Be7 18. Rd7 f5 19. Nd6+ Kf6 20. Nxb7 Nxb7 21. Rxb7 Bc5 22. f3 Rd8 23. Rxh7 Be3+ 24. Kc2 Rd2+ 25. Kc3 Rxg2 26. Kd3 Bf4 27. Rxa7 Rxb2 28. Ra6 {1-0 Yermolinsky,A (2478)-Sokolin,L (2497) USA-ch Seniors 2021 (9)}) ({RR} 13... Kf7 14. Bxf6 gxf6 15. O-O-O Rd8 16. Rxd8 Nxd8 17. Rd1 Be7 18. Rd7 f5 19. Nd6+ Kf6 20. Nxb7 Nxb7 21. Rxb7 Bc5 22. Rc7 Bxf2 23. Rc6 Re8 24. b4 Ke5 25. h3 Re7 26. Kd2 Bb6 27. Ke2 Bc7 28. g4 {½-½ Ivanchuk,V (2623)-Niemann,H (2675) Djerba Masters 2024 (5.2)}) ({RR} 13... Kf7 14. Bxf6 gxf6 15. O-O-O Rd8 16. Rxd8 Nxd8 17. Rd1 Be7 18. Rd7 f5 19. Nd6+ Kf6 20. Nxb7 Nxb7 21. Rxb7 Bc5 22. Rc7 Bxf2 23. Rc6 Re8 24. b4 Bg1 25. h3 Rb8 26. Rxe6+ Kg5 27. b5 Rc8 28. Rc6 {½-½ Wojtaszek,R (2670)-So,W (2760) Superbet Rapid 2023 (4.5)}) ({RR} 13... Kf7 14. Nd2 h6 15. Bf4 Rd8 16. O-O-O Bd6 17. Be3 Nd5 18. Rhe1 Ne5 19. Bxd5 exd5 20. Kb1 Nc6 21. Nb3 Bb4 22. Re2 Rhe8 23. Rc2 Re4 24. Nd4 Nxd4 25. Rxd4 a5 26. Rxe4 dxe4 27. Rc7+ Kg6 28. Rxb7 {1-0 Mamedyarov,S (2759)-Ding,L (2806) Chessable Masters KO rapid 2022 (1.13)}) 14. Nxf6 hxg5 15. Ng4 Rd8 16. Rd1 Rxd1+ 17. Kxd1 Na5 18. Bd3 Kd6 19. Ke2 Be7 20. Rd1 Bf6 21. Be4+ Ke7 22. b4 Nc6 23. Bxc6 bxc6 24. Rd3 Rb8 25. Rb3 Rb5 26. a4 Rb8 27. Kd3 Rd8+ 28. Kc2 Rd4 29. h3 a5 30. b5 cxb5 31. axb5 a4 32. Rb1 Kd7 33. Nxf6+ gxf6 34. Kc3 Rf4 35. f3 Kc7 36. Rb4 Rf5 37. b6+ Kb7 38. Kb2 Rd5 39. Kc3 a3 40. Ra4 Kxb6 41. Rxa3 Kc7 42. Ra4 Kd6 43. f4 gxf4 44. Rxf4 Ke7 45. Rf1 Kf7 46. g3 1/2-1/2

[Event "45th Olympiad 2024"]
[Site "Budapest HUN"]
[Date "2024.09.14"]
[Round "4.70"]
[Board "4"]
[White "Doria, Daniel"]
[Black "Mudasir, Iqbal"]
[Result "0-1"]
[WhiteElo "1745"]
[BlackElo "2055"]
[PlyCount "72"]
[EventDate "2024.09.11"]
[WhiteTeam "Guam"]
[BlackTeam "Pakistan"]
[WhiteTeamCountry "GMA"]
[BlackTeamCountry "PAK"]

1. c4 c5 2. Nc3 Nc6 3. g3 g6 4. Bg2 Bg7 5. Nf3 Nf6 6. d3 d6 7. O-O O-O 8. a3 Rb8 9. Rb1 a5 10. Bd2 h6 ({RR} 10... Bf5 11. h3 b6 12. Ne1 Qc8 13. Kh2 Nd4 14. e3 Nc6 15. f4 Bd7 16. Nf3 Ne8 17. g4 Nc7 18. a4 Nb4 19. Qe2 d5 20. e4 dxc4 21. dxc4 Ne6 22. Nd5 Nxd5 23. exd5 Nd4 24. Nxd4 Bxd4 25. f5 {½-½ Radjabov,T (2744)-Ivanchuk,V (2768) FIDE World Cup 2011 (5.3)}) ({RR} 10... b6 11. Nb5 Bb7 12. Bc3 e5 13. Nd2 Nd4 14. Bxb7 Rxb7 15. a4 Ne8 16. e3 Nxb5 17. axb5 f5 18. Qf3 Rbf7 19. Qd5 Nf6 20. Qc6 f4 21. exf4 exf4 22. Ne4 Nxe4 23. Bxg7 Kxg7 24. Qxe4 f3 25. h3 {1-0 Legenia,A (2092)-Fofanov,I (2182) Titled Tue 20th Aug Early 2024 (11)}) 11. Qc1 Kh7 12. e4 $146 ({RR} 12. Nb5 Be6 13. b4 axb4 14. axb4 Nxb4 15. Bxb4 cxb4 16. Rxb4 Qd7 17. Rd1 Bg4 18. Rd2 Rfc8 19. Rc2 Ra8 20. Nfd4 d5 21. c5 Ra6 22. Nf3 Ne8 23. d4 Bf5 24. Rc3 Rca8 25. Ra3 Rxa3 26. Nxa3 Qc7 {½-½ O'Siochru,M (2045)-Hamid,R (2135) Olympiad Women-32 1996 (5)}) 12... Bg4 13. h3 Bxf3 14. Bxf3 Nd4 15. Bg2 b5 16. cxb5 Rxb5 17. Re1 Rb3 18. Ne2 Nxe2+ 19. Rxe2 Nd7 20. Qc2 a4 21. f4 Qb6 22. Be3 Rb8 23. Qc4 Qb5 24. Qxb5 R8xb5 25. e5 Rb6 26. d4 Rxa3 27. dxc5 Nxc5 28. Bxc5 dxc5 29. bxa3 Rxb1+ 30. Kf2 e6 31. Bc6 Ra1 32. Re3 Bf8 33. Rc3 Ra2+ 34. Kf3 c4 35. Rxc4 Rxa3+ 36. Kg4 h5+ 0-1

[Event "45th Olympiad 2024"]
[Site "Budapest HUN"]
[Date "2024.09.14"]
[Round "4.71"]
[Board "3"]
[White "Amewounou, Komlan Kouessan"]
[Black "Chan, Wang Ip Boris"]
[Result "0-1"]
[WhiteElo "1825"]
[BlackElo "2016"]
[PlyCount "48"]
[EventDate "2024.09.11"]
[WhiteTeam "Togo"]
[BlackTeam "Hong Kong, China"]
[WhiteTeamCountry "TOG"]

1. e4 c5 2. a3 e6 3. b4 cxb4 4. axb4 Bxb4 5. c3 ({RR} 5. Bb2 Nf6 6. e5 Nd5 7. c4 Ne7 8. Qg4 Ng6 9. Nf3 Nc6 10. Nc3 f5 11. exf6 Qxf6 12. O-O-O Bxc3 13. Bxc3 Qe7 14. Bd3 Qa3+ 15. Kb1 Qb3+ 16. Kc1 Qa3+ 17. Kb1 Qb3+ 18. Kc1 Qa3+ {½-½ Riehle,M (2358)-Xu,Y (2510) Titled Tue 17th Jan Early 2023 (9)}) 5... Be7 ({RR} 5... Bf8 6. d4 d5 7. e5 Nc6 8. Nf3 Nge7 9. Bd3 a6 10. Na3 Rb8 11. h4 b5 12. Nc2 Na5 13. Nb4 Qb6 14. Ng5 h6 15. Nh7 Nc4 16. Nxf8 a5 17. Nxe6 axb4 18. Nxg7+ Kf8 19. Nh5 bxc3 20. Bxc4 {1-0 Kostak,T (2106)-Unzicker,F (2292) 34th Staufer-Open 2024 (1.24)}) 6. Na3 d6 7. Nb5 $146 ({RR} 7. d4 Nf6 8. Bd3 O-O 9. Nf3 b6 10. e5 dxe5 11. dxe5 Nd5 12. Be4 Nxc3 13. Qxd8 Rxd8 14. Bg5 Nxe4 15. Bxe7 Rd7 16. Bd6 Nxd6 17. exd6 Ba6 18. Rc1 f6 19. Nc4 Bxc4 20. Rxc4 Na6 21. Rd4 e5 {0-1 Wellmann,F (1770)-Surinya,T (2001) Mittelfranken-chTB1 1314 2013 (5.7)}) 7... Nc6 8. d4 Nf6 9. d5 exd5 10. exd5 Ne5 11. Rxa7 Rxa7 12. Nxa7 Bd7 13. Nb5 Qa5 14. Qb3 O-O 15. Be2 Rc8 16. Bb2 Rc5 17. Na3 Nxd5 18. Nc4 Nxc4 19. Bxc4 Ba4 20. Qa2 Nxc3 21. Bxf7+ Kf8 22. Qa1 Ne4+ 23. Ke2 Qd2+ 24. Kf3 Qxf2+ 0-1

[Event "45th Olympiad 2024"]
[Site "Budapest HUN"]
[Date "2024.09.14"]
[Round "4.71"]
[Board "4"]
[White "Li, Yiheng"]
[Black "Fumey, Enyonam Sewa"]
[Result "1-0"]
[WhiteElo "1893"]
[BlackElo "1845"]
[PlyCount "49"]
[EventDate "2024.09.11"]
[WhiteTeam "Hong Kong, China"]
[BlackTeam "Togo"]
[BlackTeamCountry "TOG"]

1. e4 d5 2. exd5 Nf6 3. Nf3 Nxd5 4. d4 Bf5 5. Bd3 Bxd3 6. Qxd3 e6 7. c4 Nf6 8. Nc3 c6 9. O-O Be7 10. Bf4 Nbd7 11. Rad1 O-O 12. Rfe1 Re8 13. Qe2 $146 ({RR} 13. h3 Qa5 14. a3 Rad8 15. b4 Qh5 16. Qe3 h6 17. Ne5 a6 18. g4 Qh4 19. Kg2 Nxe5 20. dxe5 Nh7 21. Bg3 Qg5 22. f4 Qg6 23. Qe4 Nf8 24. Kf3 f5 25. exf6 Qxf6 26. Qe5 Qg6 27. Ne4 Bf6 {1-0 Scherer,K (2028)-Burckhardt,K (1822) Cuxhaven Seniors op 1st 2006 (2)}) ({RR} 13. a3 Qa5 14. b4 Qh5 15. h3 Rac8 16. Ne5 Nxe5 17. dxe5 Red8 18. Qe3 Ne8 19. Qxa7 Qf5 20. Qxb7 Bf8 21. Be3 Qxe5 22. Bb6 Rxd1 23. Rxd1 Rb8 24. Bd4 Qf4 25. Ne2 Qd6 26. Qa7 e5 27. c5 Qd8 {1-0 Golubev,M (2527)-Krivoshey,S (2501) Canarias en Red prel 1st blitz 2004 (5)}) ({RR} 13. h3 Nf8 14. Qc2 Qa5 15. Bh2 b5 16. c5 b4 17. Ne4 Nxe4 18. Qxe4 Rac8 19. Ne5 Qa6 20. a3 bxa3 21. Ra1 a2 22. Re3 f6 23. Nf3 e5 24. b4 exd4 25. Qxd4 Rcd8 26. Qb2 Kf7 27. Ra3 Qb5 {1-0 Al Sayed,M (2496)-Causo,D (2367) Asian Continental op 08th 2009 (3)}) 13... Qa5 14. Ne5 Bb4 15. Rd3 Rad8 16. a3 Bxc3 17. Rxc3 Rc8 18. b4 Qb6 19. Rd1 a6 20. Rg3 Kf8 21. Nxd7+ Nxd7 22. Qh5 Kg8 23. Qh6 g6 24. Rh3 Nf8 25. Bd6 1-0

[Event "45th Olympiad 2024"]
[Site "Budapest HUN"]
[Date "2024.09.14"]
[Round "4.72"]
[Board "1"]
[White "Asabri, Hussien"]
[Black "AH KYE, Benitot"]
[Result "1-0"]
[WhiteElo "2196"]
[BlackElo "1815"]
[PlyCount "35"]
[EventDate "2024.09.11"]
[WhiteTeam "Libya"]
[BlackTeam "Mauritius"]
[WhiteTeamCountry "LBY"]
[BlackTeamCountry "MRI"]

1. d4 Nf6 2. Nf3 d5 3. c4 e6 4. Nc3 Bb4 5. e3 O-O 6. Bd2 b6 7. Bd3 ({RR} 7. Rc1 Be7 8. cxd5 exd5 9. Ne5 Bb7 10. g3 c5 11. Bg2 Nc6 12. Nxc6 Bxc6 13. dxc5 bxc5 14. O-O Rc8 15. Ne2 Qb6 16. Bc3 Rfd8 17. Re1 h6 18. Nf4 d4 19. exd4 cxd4 20. Bd2 Bxg2 21. Rxc8 Rxc8 {½-½ Zvjaginsev,V (2642)-Alekseev,E (2673) RUS-ch Higher League 67th 2014 (8)}) 7... Ba6 8. Qe2 Be7 $146 ({RR} 8... c5 9. dxc5 dxc4 10. Bxc4 Bxc4 11. Qxc4 Bxc5 12. b4 Be7 13. Nb5 a6 14. Nbd4 b5 15. Qe2 Qd5 16. O-O {½-½ Khamrakulov,D (2494)-Narayanan,S (2389) Marshall CC Labor Day GM 2024 (7.3)}) ({RR} 8... Nbd7 9. O-O Bb7 10. Nxd5 Nxd5 11. cxd5 Bxd2 12. dxe6 Bxf3 13. gxf3 fxe6 14. Qxd2 c5 15. Be4 Rc8 16. Rad1 Qg5+ 17. Kh1 Qh5 18. dxc5 Nxc5 19. Qd6 e5 20. Bd5+ Kh8 21. b4 Rf6 22. bxc5 Rxd6 23. cxd6 {1-0 Costa,J (2410)-Rojas Sepulveda,J (2305) WchT U26 08th 1991 (6)}) ({RR} 8... c5 9. O-O cxd4 10. exd4 Nc6 11. cxd5 Bxd3 12. Qxd3 Nxd5 13. Rfe1 Be7 14. Rad1 Bf6 15. Ne4 Rc8 16. a3 Be7 17. g3 Nf6 18. Nc3 Qc7 19. Bf4 Qb7 20. d5 exd5 21. Nxd5 Nxd5 22. Qxd5 Rfd8 23. Qe4 {1-0 Bruedigam,M (2381)-Marin,S (2258) Titled Tue 2nd May Late 2023 (7)}) 9. O-O Nbd7 10. Rfd1 c5 11. b3 Rc8 12. a4 Qc7 13. Nb5 Qb7 14. Ne5 Qb8 15. cxd5 exd5 16. Bf5 Rcd8 17. Nc6 Qb7 18. Nxe7+ 1-0

[Event "45th Olympiad 2024"]
[Site "Budapest HUN"]
[Date "2024.09.14"]
[Round "4.72"]
[Board "3"]
[White "Naser Eldean, Ahmed"]
[Black "Lee Luen Mang, Stefan"]
[Result "1-0"]
[WhiteElo "1981"]
[BlackElo "1803"]
[PlyCount "141"]
[EventDate "2024.09.11"]
[WhiteTeam "Libya"]
[BlackTeam "Mauritius"]
[WhiteTeamCountry "LBY"]
[BlackTeamCountry "MRI"]

1. e4 c5 2. Nf3 Nc6 3. Bb5 e6 4. Bxc6 bxc6 5. d3 Ne7 6. b3 Ng6 ({RR} 6... f6 7. Nh4 e5 8. O-O d6 9. f4 exf4 10. Bxf4 g5 11. Qh5+ Kd7 12. Bd2 gxh4 13. Rxf6 Qe8 14. Rxd6+ Kxd6 15. Qxe8 Bg7 16. Qf7 Bd4+ 17. Kh1 Be6 18. Qf4+ Be5 19. Qxh4 Bxa1 20. c3 Ng6 21. Qg3+ {0-1 Skawinski,A (2347)-Mikes,J (2356) 38th Voivoda Cup 2024 (4.5)}) 7. O-O $146 ({RR} 7. Bb2 f6 8. h4 e5 9. h5 Nf4 10. Nh4 g5 11. g3 Ne6 12. Nf5 h6 13. Nd2 d5 14. Qe2 Nd4 15. Nxd4 cxd4 16. exd5 cxd5 17. Bxd4 Qe7 18. Bb2 Ba6 19. Qf3 O-O-O 20. O-O-O Kb8 21. Rhe1 Bb7 {1-0 Ceschia,I (2303)-Bratkovic,J (1941) Nova Gorica op-A 18th 2013 (4)}) ({RR} 7. h4 h5 8. e5 f6 9. Nbd2 d6 10. exd6 e5 11. Bb2 Bg4 12. Qe2 Qxd6 13. g3 Be7 14. O-O-O Nf8 15. Rde1 Ne6 16. Qe4 Qd5 17. Nxe5 Qxe4 18. dxe4 fxe5 19. f3 Nd4 20. fxg4 hxg4 21. Nc4 O-O {1-0 Caruana,F (2818)-Carlsen,M (2882) Saint Louis Rapid 2019 (4)}) ({RR} 7. Bb2 f6 8. Nbd2 d5 9. h4 h5 10. g3 Bd6 11. Qe2 e5 12. Nh2 Be6 13. Nhf1 a5 14. a4 Qe7 15. Ne3 Qd7 16. exd5 cxd5 17. Qf3 Ne7 18. c4 Bc7 19. Rc1 Bb6 20. Ba3 Rc8 21. O-O d4 {0-1 Ismayil,M (1941)-Priasmoro,N (2505) Titled Tuesday intern op 27th Sep Early blitz 2022 (1)}) ({RR} 7. Bb2 f6 8. e5 Be7 9. Nbd2 O-O 10. O-O fxe5 11. Nxe5 Nxe5 12. Bxe5 d6 13. Bg3 e5 14. Qe2 Bg5 15. Ne4 Bh6 16. f3 a5 17. a4 Ra7 18. Bf2 Raf7 19. Be3 Bxe3+ 20. Qxe3 h6 21. Rae1 Be6 {½-½ Spassky,B (2560)-Gulko,B (2610) Linares 08th 1990 (11)}) 7... Be7 8. Bb2 O-O 9. Nbd2 d6 10. Nc4 e5 11. Ne3 Nf4 12. g3 Ne6 13. h4 a5 14. Kg2 a4 15. Nd2 Nd4 16. Rh1 f5 17. c3 a3 18. Bxa3 Rxa3 19. cxd4 cxd4 20. Nxf5 Bxf5 21. exf5 Rxf5 22. Qc1 Qa8 23. Qc4+ Kh8 24. Qe6 Qf8 25. Rhf1 Ra8 26. a4 Rf6 27. Qd7 d5 28. Rae1 Bb4 29. Re2 Re8 30. Rc1 Bc3 31. Nb1 Re7 32. Qg4 Bb4 33. Rec2 c5 34. Rf1 Ref7 35. Qe2 Re7 36. Ra2 e4 37. a5 Ra6 38. dxe4 Qf6 39. Qg4 h6 40. exd5 Rf7 41. Kg1 d3 42. Qe4 Qf5 43. Qc4 Rff6 44. Nc3 Rxa5 45. Rxa5 Bxa5 46. Ne4 Rf8 47. Qxd3 Bb6 48. Qc4 Rd8 49. Rd1 Qg4 50. Nc3 Qf3 51. Qd3 Qf7 52. Ne4 Rd7 53. Kg2 Qf5 54. Nc3 Qf6 55. Qf3 Qg6 56. Qe4 Qf7 57. Qe6 Qxe6 58. dxe6 Rxd1 59. Nxd1 Kg8 60. Nc3 g6 61. Nd5 Ba5 62. Kf3 Be1 63. Ke2 Ba5 64. g4 Kg7 65. f4 Kf8 66. f5 gxf5 67. gxf5 Bd8 68. f6 Ba5 69. Kd3 h5 70. Kc4 Be1 71. e7+ 1-0

[Event "45th Olympiad 2024"]
[Site "Budapest HUN"]
[Date "2024.09.14"]
[Round "4.72"]
[Board "4"]
[White "Naipal, Hoolan"]
[Black "Abugenda, Nagi"]
[Result "0-1"]
[WhiteElo "1851"]
[BlackElo "1975"]
[PlyCount "50"]
[EventDate "2024.09.11"]
[WhiteTeam "Mauritius"]
[BlackTeam "Libya"]
[WhiteTeamCountry "MRI"]
[BlackTeamCountry "LBY"]

1. e4 d6 2. d4 Nf6 3. Nc3 Nbd7 4. Nf3 e5 5. Bc4 Be7 6. h3 O-O 7. Be3 c6 8. a4 ({RR} 8. O-O b5 9. Bd3 a6 10. dxe5 dxe5 11. Ne2 c5 12. c3 c4 13. Bc2 Bb7 14. Ng3 Qc7 15. Nh2 Nc5 16. Bxc5 Qxc5 17. Ng4 Rad8 18. Nxf6+ Bxf6 19. Qe2 g6 20. Rfd1 Rxd1+ 21. Rxd1 Rd8 22. Nf1 Rxd1 {½-½ Cao,S (2545)-Varga,Z (2592) HUN-ch 54th Budapest 2004 (6)}) 8... Qc7 ({RR} 8... a5 9. Bb3 Qc7 10. Qd2 b6 11. Rd1 Ba6 12. d5 c5 13. Bg5 Rfe8 14. Qe3 Rac8 15. Nd2 Nh5 16. Bc4 Bxc4 17. Nxc4 Bxg5 18. Qxg5 Nhf6 19. Nb5 Nxe4 20. Qf5 {1-0 Jenidarchiche,D (1845)-Ruvieri,D (1481) Sampa Chess Open 2024 (4.31)}) 9. a5 $146 ({RR} 9. Qe2 exd4 10. Bxd4 Ne5 11. Nxe5 dxe5 12. Be3 Bb4 13. Bd2 Qe7 14. O-O Be6 15. Rad1 a6 16. Bxe6 Qxe6 17. Nb1 Bxd2 18. Rxd2 b5 19. a5 Rfd8 20. Rfd1 Rxd2 21. Rxd2 Qa2 22. Nc3 Qxb2 23. Qd3 Qb4 {0-1 Ivanec,D (2132)-Jazbec,H (1970) SLO-chT1 East 2015 (7)}) ({RR} 9. Bb3 a5 10. Qe2 h6 11. O-O-O b5 12. axb5 a4 13. Bc4 a3 14. d5 Qa5 15. Qd3 axb2+ 16. Kd2 cxd5 17. Bxd5 Nxd5 18. Qxd5 Nf6 19. Qd3 d5 20. Nxe5 Nxe4+ 21. Ke1 Qxc3+ 22. Bd2 Qxe5 {0-1 Wozniak,M (1966)-Beinenson,K (1946) EU-ch U14 Girls 2012 (5)}) ({RR} 9. Qd2 b6 10. O-O Bb7 11. Rfb1 a6 12. dxe5 dxe5 13. b4 b5 14. Bd3 Rfd8 15. Qe2 c5 16. axb5 cxb4 17. bxa6 Bxa6 18. Bxa6 Qxc3 19. Bd2 Qxc2 20. Bd3 Qc7 21. Rxa8 Rxa8 22. Bc4 h6 23. Bxb4 Rb8 {0-1 Turtiainen,T (2058)-Suuronen,P (2011) Helsinki We I HSK op 2005 (2)}) 9... Re8 10. O-O h6 11. Qd2 Bf8 12. Rfe1 exd4 13. Bxd4 Ne5 14. Nxe5 dxe5 15. Be3 Be6 16. Qe2 Bb4 17. Bd2 Bxa5 18. Bxe6 Rxe6 19. Nb5 cxb5 20. Bxa5 b6 21. Bc3 Qc6 22. Ra3 a5 23. Rb3 b4 24. Bd2 Qxc2 25. Rg3 Ne8 0-1